Study on rubberwood-attacking fungi and relevant controlling technology (Record no. 69852)

MARC details
000 -LEADER
fixed length control field 00441nam a2200157Ia 4500
100 ## - MAIN ENTRY--AUTHOR NAME
Personal name Liu Xiu Ying
245 #0 - TITLE STATEMENT
Title Study on rubberwood-attacking fungi and relevant controlling technology
260 ## - PUBLICATION, DISTRIBUTION, ETC. (IMPRINT)
Name of publisher China Wood Industry
Year of publication 1998
300 ## - PHYSICAL DESCRIPTION
Number of Pages 21-23,30
500 ## - GENERAL NOTE
General note Source Year: 1999
650 ## - SUBJECT ADDED ENTRY--TOPICAL TERM
Topical Term control measures
650 ## - SUBJECT ADDED ENTRY--TOPICAL TERM
Topical Term Rubberwood attacking fungi
856 ## - ELECTRONIC LOCATION AND ACCESS
Uniform Resource Identifier RPP
942 ## - ADDED ENTRY ELEMENTS (KOHA)
Koha item type Journals
Holdings
Withdrawn status Lost status Damaged status Not for loan Home library Current library Shelving location Date acquired Serial Enumeration / chronology Koha item type
      Journals RRII Library RRII Library Rubber general 23/06/1999 Volume 12, Issue 6 Journals